Studies in velocity
সংরক্ষণ করুন:
| প্রধান লেখক: | |
|---|---|
| বিন্যাস: | গ্রন্থ |
| ভাষা: | ইংরেজি |
| প্রকাশিত: |
Nueva York
G. Schirmer
1902
|
| মালা: | Schrimer's Library of Musical Classics
|
| বিষয়গুলি: | |
| ট্যাগগুলো: |
ট্যাগ যুক্ত করুন
কোনো ট্যাগ নেই, প্রথমজন হিসাবে ট্যাগ করুন!
|
MARC
| LEADER | 00000nam a2200000 a 4500 | ||
|---|---|---|---|
| 001 | UCN5786 | ||
| 003 | CL-VaPUC | ||
| 005 | 20250310102034.0 | ||
| 008 | 010907e19020000US |||||||||||||||||eng|d | ||
| 999 | |c 296947 |d 296945 | ||
| 040 | |c Pontificia Universidad Católica de Valparaíso | ||
| 082 | 0 | 4 | |a Ca783.043 LUT 1902 |2 21 |
| 100 | |a Lütgen, B. |e autor |9 623974 | ||
| 245 | 1 | 0 | |a Studies in velocity |
| 260 | |a Nueva York |b G. Schirmer |c 1902 | ||
| 300 | |a v | ||
| 490 | 0 | |a Schrimer's Library of Musical Classics | |
| 500 | |a v.1: Twenty daily excercises for high, medium and low voice | ||
| 583 | |a last modification |c 20010907 00:00:00 |k Rodrigo Vera | ||
| 650 | 0 | |a Canto, técnicas de ejecución |2 CL-VaPUC |9 461446 | |
| 650 | 0 | |a Canto, estudio e instrucción |2 CL-VaPUC |9 461443 | |
| 650 | 0 | |a Canto, ejercicios |2 CL-VaPUC |9 461453 | |
| 650 | 0 | |a Canto |x Voz alta |9 464734 | |
| 650 | 0 | |a Canto |x Voz media |9 461460 | |
| 650 | 0 | |a Canto |x Voz grave |9 461461 | |
| 942 | |c BK |2 ddc | ||
| 945 | |d 20010907 00:00:00 |a crobeson | ||
| 952 | |0 0 |1 0 |2 ddc |4 0 |6 CA_783_043000000000000_LUT_1902 |7 0 |8 F |9 351253 |a BIBEDU |b BIBEDU |d 2019-11-21 |h v.1 |i 1163655 |l 1 |o Ca783.043 LUT 1902 |p 1163655 |r 2023-11-22 |s 2023-03-23 |w 2019-11-21 |y BK_F |k MUS | ||